Science Quiz

Random Science or Chemistry Quiz
Score 0/20 Timer 04:00
2 Plays Today
Abbreviation Amino Acid % Correct
AAlanine
98.1%
CCysteine
95.1%
LLeucine
94.4%
IIsoleucine
94.2%
HHistidine
92.5%
GGlycine
91.9%
FPhenylalanine
91.3%
MMethionine
91.2%
VValine
91.2%
PProline
90.7%
Abbreviation Amino Acid % Correct
DAspartic acid
89.9%
SSerine
89.7%
EGlutamic acid
89.2%
WTryptophan
87.7%
KLysine
87.1%
TThreonine
86.6%
YTyrosine
84.8%
RArginine
84.2%
QGlutamine
83.4%
NAsparagine
82.2%
Remove Ads.
Support Sporcle.
Get the best of Sporcle when you Go Orange. This ad-free experience offers more features, more stats, and more fun while also helping to support Sporcle. Thank you for becoming a member.

You're not logged in!

Compare scores with friends on all Sporcle quizzes.
OR
Log In

Sporcle TV

Today on Sporcle TV


Watch our educational content, quiz creation guides, and fun videos on Sporcle TV.

Show Comments

Extras

Top Quizzes Today


Score Distribution

Paid Content

Your Account Isn't Verified!

In order to create a playlist on Sporcle, you need to verify the email address you used during registration. Go to your Sporcle Settings to finish the process.

Report this User

Report this user for behavior that violates our Community Guidelines.

Details: